music trivia: 1988 albums and artists - Statistics

General Stats
  • This quiz has been taken 97 times
    83 since last reset
  • The average score is 5 of 15
Answer Stats
for each of these 1988 albums... name the artist or group who did it. % Correct
Rattle and Hum U2
88%
Straight Outta Compton N.W.A.
85%
Forever Your Girl Paula Abdul
51%
It Takes a Nation of Millions to Hold Us Back Public Enemy
47%
Reg Strikes Back Elton John
43%
Green R.E.M.
32%
Sunshine on Leith The Proclaimers
32%
Surfer Rosa Pixies
26%
Lovesexy Prince
26%
He's the DJ, I'm the Rapper DJ Jazzy Jeff & the Fresh Prince
16%
I'm Your Man Leonard Cohen
16%
Nothing's Shocking Jane's Addiction
12%
Stronger Than Pride Sade
11%
Chalk Mark in a Rain Storm Joni Mitchell
4%
Land of Dreams Randy Newman
3%
No matching quizzes found
Score Distribution
Percent of People with Each Score
Percentile by Number Answered
Your Score History
You have not taken this quiz since the last reset